|
|
|
|
| LEADER |
03511nam a22005415i 4500 |
| 001 |
978-1-60327-125-7 |
| 003 |
DE-He213 |
| 005 |
20151204172642.0 |
| 007 |
cr nn 008mamaa |
| 008 |
100301s2009 xxu| s |||| 0|eng d |
| 020 |
|
|
|a 9781603271257
|9 978-1-60327-125-7
|
| 024 |
7 |
|
|a 10.1007/978-1-60327-125-7
|2 doi
|
| 040 |
|
|
|d GrThAP
|
| 050 |
|
4 |
|a RD33.55-33.57
|
| 072 |
|
7 |
|a MMPH
|2 bicssc
|
| 072 |
|
7 |
|a MED080000
|2 bisacsh
|
| 082 |
0 |
4 |
|a 616.0757
|2 23
|
| 100 |
1 |
|
|a Harrigan, Mark R.
|e author.
|
| 245 |
1 |
0 |
|a Handbook of Cerebrovascular Disease and Neurointerventional Technique
|h [electronic resource] /
|c by Mark R. Harrigan, John P. Deveikis.
|
| 264 |
|
1 |
|a Totowa, NJ :
|b Humana Press :
|b Imprint: Humana Press,
|c 2009.
|
| 300 |
|
|
|a XII, 744 p. 2 illus. in color.
|b online resource.
|
| 336 |
|
|
|a text
|b txt
|2 rdacontent
|
| 337 |
|
|
|a computer
|b c
|2 rdamedia
|
| 338 |
|
|
|a online resource
|b cr
|2 rdacarrier
|
| 347 |
|
|
|a text file
|b PDF
|2 rda
|
| 490 |
1 |
|
|a Contemporary Medical Imaging
|
| 505 |
0 |
|
|a Fundamentals -- Essential Neurovascular Anatomy -- Diagnostic Cerebral Angiography -- Spinal Angiography -- Neuroendovascular Suite -- Interventional Techniques -- Intracranial Aneurysm Treatment -- Provocative Testining -- Intracranial Embolization Procedures -- Extracranial Embolization -- Thrombolysis for Acute Ischemic Stroke -- Extracranial Angioplasty and Stenting -- Endovascular Treatment of Intracranial Stenosis and Vasospasm -- Venous Procedures -- Specific Disease States -- Intracranial Aneurysms and Subarachnoid Hemorrhage -- Arteriovenous Malformations -- Dural Arteriovenous Fistulas -- Cavernous Malformations and Venous Angiomas -- Acute Ischemic Stroke -- Extracranial Cerebrovascular Occlusive Disease -- Intracranial Cerebrovascular Occlusive Disease -- Spinal Vascular Lesions.
|
| 520 |
|
|
|a Neurointerventional radiology is evolving into a rarified and complex field, with more people today training to become neurointerventionalists than ever before. With these developments comes a need for a unified handbook of techniques and essential literature. In Handbook of Cerebrovascular Disease and Neurointerventional Technique, Mark Harrigan and John Deveikis present the first practical guide to endovascular methods and provide a viable reference work for neurovascular anatomy and cerebrovascular disease from a neurointerventionalist’s perspective. This new gold-standard reference covers the fundamental techniques and core philosophies of Neurointerventional radiology, while creating a manual that offers structure and standardization to the field. Authoritative and concise, Handbook of Cerebrovascular Disease and Neurointerventional Technique is the must-have work for today’s Neurosurgeons, Neuroradiologists, and Interventional Radiologists.
|
| 650 |
|
0 |
|a Medicine.
|
| 650 |
|
0 |
|a Interventional radiology.
|
| 650 |
|
0 |
|a Angiology.
|
| 650 |
|
0 |
|a Cardiology.
|
| 650 |
|
0 |
|a Neurology.
|
| 650 |
|
0 |
|a Neurosurgery.
|
| 650 |
1 |
4 |
|a Medicine & Public Health.
|
| 650 |
2 |
4 |
|a Interventional Radiology.
|
| 650 |
2 |
4 |
|a Neurosurgery.
|
| 650 |
2 |
4 |
|a Neurology.
|
| 650 |
2 |
4 |
|a Cardiology.
|
| 650 |
2 |
4 |
|a Angiology.
|
| 700 |
1 |
|
|a Deveikis, John P.
|e author.
|
| 710 |
2 |
|
|a SpringerLink (Online service)
|
| 773 |
0 |
|
|t Springer eBooks
|
| 776 |
0 |
8 |
|i Printed edition:
|z 9781588297556
|
| 830 |
|
0 |
|a Contemporary Medical Imaging
|
| 856 |
4 |
0 |
|u http://dx.doi.org/10.1007/978-1-60327-125-7
|z Full Text via HEAL-Link
|
| 912 |
|
|
|a ZDB-2-SME
|
| 950 |
|
|
|a Medicine (Springer-11650)
|